00802 2200229 4500001002100000005001700021008004100038035002500079040001200104082001500116084002000131100002300151245017100174260005800345300003200403500003200435504003100467650002800498700001600526850001200542990001800554INLIS00000000001030720150818124433.0  a0010-081500000001745 aYOPDYOG 223a616.24 aSK 616.24 Sol A aSOLICHIATI Fatonah aAnalisis Faktor-faktor yang mempengaruhi munculnya dusun bebas tuberkulosis dan dusun Endemis tuberkulosis di area kerja puskesmas Kasihan II Bantulc/Akhmad Sudrajat aYogyakartabUniversitas Muhammadiyah Yogyakartac2007 axii, 58 lembar.c; 29,5 cm. aSkripsi Fakultas Kedokteran aBibliografi : hlm. xii, 58 aTuberkulosis--Paru-paru aKUSBARYANTO aYOPDYOG a48306-PD/A.15